000 00719nam a2200241Ia 4500
003 OSt
005 20220926005528.0
006 a|||||r|||| 00| 0
007 ta
008 220923b |||||||| |||| 00| 0 eng d
037 _cGeneral Book
040 _aRTL
_cRTL
_beng
041 _2eng
_aeng
082 _aY68-9(T).255.N8, M3
100 _aBhalerao Usha
_994424
245 0 _aEducated blind of urban Madhya Pradesh
_b A sociological study
260 _a New Delhi
_bSterling Pub.
_c1983
300 _aix, 143p
_ccm.
500 _aBibliography: P 140-43
650 _aBlind Sociology
_9300716
942 _hY68-9(T).255.N8, M3
_cGB
_2CC
999 _c614138
_d614138